Welcome to WEB OPAC of MRSPTU Central Library

Electronic devices and circuits (Record no. 119)

MARC details
000 -LEADER
fixed length control field 00393nam a2200157Ia 4500
008 - FIXED-LENGTH DATA ELEMENTS--GENERAL INFORMATION
fixed length control field 230711s9999||||xx |||||||||||||| ||und||
041 ## - LANGUAGE CODE
Language code of text/sound track or separate title ENG
082 ## - DEWEY DECIMAL CLASSIFICATION NUMBER
Classification number 621
Item number MO-E
100 ## - MAIN ENTRY--PERSONAL NAME
Personal name Mottershead,Allen
245 #0 - TITLE STATEMENT
Title Electronic devices and circuits
250 ## - EDITION STATEMENT
Edition statement 1st
260 ## - PUBLICATION, DISTRIBUTION, ETC.
Date of publication, distribution, etc. 2006
Place of publication, distribution, etc. New Delhi
Name of publisher, distributor, etc. PHI Learning Private Limited
300 ## - PHYSICAL DESCRIPTION
Extent 641
650 ## - SUBJECT ADDED ENTRY--TOPICAL TERM
Topical term or geographic name entry element Electronics Engineering
942 ## - ADDED ENTRY ELEMENTS (KOHA)
Koha item type Book
Holdings
Withdrawn status Lost status Damaged status Not for loan Collection Home library Current library Date acquired Total checkouts Full call number Barcode Date last seen Price effective from Koha item type
          MRSPTU Central Library MRSPTU Central Library     621 MO-E 734 08/17/2023 08/17/2023 Book
          MRSPTU Central Library MRSPTU Central Library     621 MO-E 735 08/17/2023 08/17/2023 Book
          MRSPTU Central Library MRSPTU Central Library     621 MO-E 736 08/17/2023 08/17/2023 Book
          MRSPTU Central Library MRSPTU Central Library     621 MO-E 737 08/17/2023 08/17/2023 Book
          MRSPTU Central Library MRSPTU Central Library     621 MO-E 6847 08/17/2023 08/17/2023 Book
          MRSPTU Central Library MRSPTU Central Library     621 MO-E 6848 08/17/2023 08/17/2023 Book
          MRSPTU Central Library MRSPTU Central Library     621 MO-E 15645 08/17/2023 08/17/2023 Book
          MRSPTU Central Library MRSPTU Central Library     621 MO-E 15646 08/17/2023 08/17/2023 Book
          MRSPTU Central Library MRSPTU Central Library     621 MO-E 15647 08/17/2023 08/17/2023 Book
          MRSPTU Central Library MRSPTU Central Library     621 MO-E 15648 08/17/2023 08/17/2023 Book
          MRSPTU Central Library MRSPTU Central Library     621 MO-E PBB734 08/17/2023 08/17/2023 Book
          MRSPTU Central Library MRSPTU Central Library     621 MO-E PBB735 08/17/2023 08/17/2023 Book
          MRSPTU Central Library MRSPTU Central Library     621 MO-E PBB736 08/17/2023 08/17/2023 Book
          MRSPTU Central Library MRSPTU Central Library     621 MO-E PBB737 08/17/2023 08/17/2023 Book

Website Designed and Developed by MRSPTU Central Library Team

E-mail Id: librarian@mrsptu.ac.in